Landen die starten met een D - Statistieken

Algemene statistieken
  • Deze quiz is 59 keer genomen
  • De gemiddelde score is 4 van 5
Antwoordstatistieken
Land % Correct
Denemarken
98%
Duitsland
95%
Dominica
88%
Dominicaanse Republiek
81%
Djibouti
74%
Geen overeenkomende quizzen gevonden
Scoreverdeling
Procent van Mensen met Elke Score
Percentiel versus Aantal Correcte Antwoorden
Uw Scoregeschiedenis
U heeft deze quiz nog niet genomen